000 00951nam a2200265Ia 4500
003 OSt
005 20221005113321.0
006 a|||||r|||| 00| 0
007 ta
008 221004b |||||||| |||| 00| 0 pan d
020 _a9788130204369 (hbk)
_cINR 220.00
024 _a39366
037 _b1019, 30/01/2018, H.K. Prakashan
_cTextual
040 _aCRL
_cCRL
_bpan
041 _2pan
_apan
082 _aO153,6x, Q7
100 _aਸਿੰਘ, ਰਣਜੀਤ, ਂਚ.
245 0 _aਸਵੈ-ਵਿਕਾਸ
_b ਪ੍ਰਾਪਤੀਆਂ ਦਾ ਆਧਾਰ
260 _aਪਟਿਆਲਾ
_bਪਬਲੀਕੇFਨ ਬਿਊਰੋ ਭਾਰਤ
_c2017
300 _a147ਪ0
_ccm.
650 _a ਪੰਜਾਬੀ ਨਿਬੰਧ
650 _aਪੰਜਾਬੀ ਸਾਹਿਤ
942 _hO153,6x, Q7
_cTEXL
_2cc
999 _c1027776
_d1027776